Ostro sledované vlaky chcú Oskara
Transformácia slovenských železníc a rozdelenie Železničnej spoločnosti, a.s. na dva samostatné podniky: Železničná spoločnosť Slovensko (ZSSK), a.s. - pre osobnú dopravu a Železničná spoločnosť Cargo Slovakia, a.s. -pre nákladnú dopravu. Hlavné strategické ciele ZSSK. Hlavný zdroj príjmov osobnej d...
Saved in:
| Main Author: | |
|---|---|
| Format: | Book Chapter |
| Language: | Slovak |
| Subjects: | |
| Tags: |
No Tags, Be the first to tag this record!
|
MARC
| LEADER | 00000naa$a2200000$$$4500 | ||
|---|---|---|---|
| 001 | 0025359 | ||
| 005 | 20231009070221.2 | ||
| 041 | 0 | |a slo | |
| 044 | |a SK | ||
| 245 | 1 | 0 | |a Ostro sledované vlaky chcú Oskara |c Tibor Bucha |
| 520 | |a Transformácia slovenských železníc a rozdelenie Železničnej spoločnosti, a.s. na dva samostatné podniky: Železničná spoločnosť Slovensko (ZSSK), a.s. - pre osobnú dopravu a Železničná spoločnosť Cargo Slovakia, a.s. -pre nákladnú dopravu. Hlavné strategické ciele ZSSK. Hlavný zdroj príjmov osobnej dopravy.Zmeny v ďalšom vývoji ZSSK a potreba zrovnoprávnenia podmienok podnikania v cestnej a železničnej doprave. Prijatie legislatívnych noriem verejnej dopravy. Zahraničné projekty na rozvoj slovenských železníc. | ||
| 610 | 2 | 0 | |a doprava verejná |
| 610 | 2 | 0 | |a doprava železničná osobná |
| 610 | 2 | 0 | |a doprava železničná nákladná |
| 610 | 2 | 0 | |a transformácia |
| 610 | 2 | 0 | |a záujmy verejné |
| 610 | 2 | 0 | |a akcionári |
| 610 | 2 | 0 | |a štát |
| 610 | 2 | 0 | |a služby |
| 610 | 2 | 0 | |a legislatíva |
| 610 | 2 | 0 | |a kvalita |
| 610 | 2 | 0 | |a cestujúci |
| 610 | 2 | 0 | |a investície |
| 610 | 2 | 0 | |a financovanie |
| 610 | 2 | 0 | |a projekty medzinárodné |
| 100 | 1 | |a Bucha, Tibor | |